[Event "Chennai op 2nd"]
[Site "Chennai"]
[Date "2010.01.25"]
[Round "1"]
[White "Senbabu, MB."]
[Black "Saravana, Krishnan P"]
[Result "0-1"]
[WhiteElo "1741"]
[BlackElo "2323"]
[PlyCount "68"]
[EventDate "2010.01.25"]
[EventType "swiss"]
[EventRounds "11"]
[EventCountry "IND"]
[SourceTitle "CBM 134 Extra"]
[Source "ChessBase"]
[SourceDate "2010.03.03"]
[SourceVersion "1"]
[SourceVersionDate "2010.03.03"]
[SourceQuality "1"]

1. e4 Nf6 2. e5 Nd5 3. d4 d6 4. Nf3 dxe5 5. dxe5 Bg4 6. Bb5+ c6 7. Be2 Qc7 8. Qd4 Bxf3 9. Bxf3 e6 10. 0-0 Nd7 11. Re1 Bc5 12. Qe4 0-0 13. c4 Ne7 14. b3 Rad8 15. Bb2 Bb4 16. Nc3 Nc5 17. Qc2 Nd3 18. Re3 Nxb2 19. Qxb2 Ng6 20. Rae1 Rd7 21. a3 Bc5 22. Re4 Rfd8 23. Nb1 Bd4 24. Qe2 Nxe5 25. h4 Nd3 26. Rd1 Nc5 27. Rg4 Bxf2+ 28. Kxf2 Rxd1 29. Qxd1 Rxd1 30. Bxd1 Qe5 31. Nd2 Nd3+ 32. Kf3 Qe1 33. Rd4 Qf2+ 34. Ke4 Nc5+ 0-1